[Event "Ch Yugoslavia"]
[Site "masterchessopen.com Titograd (Yugoslavia)"]
[Round "0"]
[White "Gligoric Svetozar (SRB)"]
[Black "Matanovic Aleksandar (SRB)"]
[Result "1-0"]
[WhiteElo "2447"]
[BlackElo "2490"]

1.d4 Nf6 2.c4 e6 3.Nc3 Bb4 4.e3 c5 5.Bd3 O-O 6.Nf3 d5 7.O-O dxc4 8.Bxc4 Nbd7
9.Qe2 b6 10.d5 Bxc3 11.dxe6 Ba5 12.exd7 Qxd7 13.Rd1 { ! } 13...Qg4 14.h3 Qh5
15.e4 Bb7 16.e5 Bxf3 ( 16...Ne4 17.Rd7 Bc6 ( 17...Bc8 18.Rxf7 ) 18.Rc7 Qg6
19.e6 ) ( 16...Rae8 17.Be3 Ne4 18.Rd7 ) 17.gxf3 Rae8 18.Bf4 Qxh3 19.Bh2 Kh8 (
19...Nd7 20.e6 ) ( 19...Nh5 20.Qe4 ) 20.Qf1 Qxf1+ 21.Kxf1 Ng8 22.Rd7 f5 23.f4
Ne7 24.Rad1 Nc6 25.R1d6 Re7 26.Bd5 Rxd7 27.Rxd7 Nb4 28.Bf7 g6 29.Bg3 Kg7
30.Bc4+ Kh6 31.Bh4 {#r} 1-0

[Event "Zt"]
[Site "masterchessopen.com Hague (Netherlands)"]
[Round "0"]
[White "Donner Jan-Hein (NED)"]
[Black "Mazzoni Guy (FRA)"]
[Result "1-0"]
[WhiteElo "2430"]
[BlackElo "2191"]

1.d4 Nf6 2.c4 e6 3.Nc3 Bb4 4.e3 c5 5.Bd3 O-O 6.Nf3 d5 7.O-O dxc4 8.Bxc4 Nbd7
9.Qe2 a6 10.a3 Ba5 11.Bd3 b5 12.Ne4 Bb6 13.dxc5 Nxc5 14.Nxc5 Bxc5 15.e4 Be7
16.e5 Nd5 17.Qe4 g6 18.Bh6 Re8 19.h4 Bb7 20.Rad1 Qb6 21.Ng5 Bxg5 22.Bxg5 Nc3
23.Qf4 Nxd1 24.Rxd1 Rad8 25.Rc1 Rc8 26.Rxc8 Rxc8 27.Qf6 Rc1+ 28.Kh2 Qc6
29.Qd8+ Kg7 30.Bf6+ {#r} 1-0

[Event "It"]
[Site "masterchessopen.com Reykjavik (Iceland)"]
[Round "6"]
[White "O'kelly De Galway Alberic (BEL)"]
[Black "Thorsteinsson Bjorn (ISL)"]
[Result "1-0"]
[WhiteElo "2460"]
[BlackElo "2214"]

1.d4 Nf6 2.c4 e6 3.Nc3 Bb4 4.Nf3 O-O 5.e3 d5 6.Be2 c5 7.O-O dxc4 8.Bxc4 Nbd7
9.Qe2 a6 10.a4 b6 11.Na2 Ba5 12.e4 Bb7 13.Bd3 b5 14.Bg5 Qb8 15.axb5 axb5
16.Bxf6 gxf6 17.Bxb5 Rd8 18.dxc5 Nxc5 19.b4 Nxe4 20.bxa5 Rxa5 21.Rac1 Qf4
22.Nc3 Nd2 23.Nxd2 Rxd2 24.Qc4 Qg5 25.g3 Ra3 26.Bc6 Ba6 27.Qb4 Bxf1 28.Qxa3
Bd3 {#r} 1-0

[Event "?"]
[Site "masterchessopen.com Debrecen (Hungary)"]
[Round "0"]
[White "Kozma Edit (HUN)"]
[Black "Kovacs-Pinter Marta (HUN)"]
[Result "1-0"]
[WhiteElo "2009"]
[BlackElo "2152"]

1.c4 Nf6 2.d4 e6 3.Nc3 Bb4 4.e3 O-O 5.Bd3 c5 6.Nf3 d5 7.O-O dxc4 8.Bxc4 Nbd7
9.Qe2 cxd4 10.exd4 Bxc3 11.bxc3 Qc7 12.Ba3 Re8 13.Rac1 Nb6 14.Bb3 a5 15.Ne5 a4
16.Bc2 Bd7 17.c4 Bc6 18.Rfe1 Rad8 19.Rcd1 Nc8 20.Qd3 Nd6 21.Qh3 b5 22.Ng4 Nxg4
23.Qxh7+ Kf8 24.d5 f5 25.dxc6 Nf6 26.Qg6 Kg8 27.Bb2 Nfe4 28.cxb5 Nxb5 29.Rd7
{#r} 1-0

[Event "It"]
[Site "masterchessopen.com Dundee (Scotland)"]
[Round "0"]
[White "Gligoric Svetozar (SRB)"]
[Black "Pritchett Craig W (SCO)"]
[Result "1-0"]
[WhiteElo "2447"]
[BlackElo "2343"]

1.d4 Nf6 2.c4 e6 3.Nc3 Bb4 4.e3 O-O 5.Bd3 d5 6.Nf3 c5 7.O-O dxc4 8.Bxc4 Nbd7
9.Qe2 a6 10.a3 cxd4 11.exd4 Be7 12.Re1 Nb6 13.Bd3 Bd7 14.Ne5 Nbd5 15.Qf3 Bc6
16.Qh3 Qb6 17.Nxd5 {#r} 1-0

[Event "Memorial J.Capablanca (b)"]
[Site "masterchessopen.com Habana (Cuba)"]
[Round "0"]
[White "Savon Vladimir A (UKR)"]
[Black "Jansa Vlastimil (CZE)"]
[Result "1-0"]
[WhiteElo "2443"]
[BlackElo "2478"]

1.d4 Nf6 2.c4 e6 3.Nc3 Bb4 4.e3 O-O 5.Bd3 c5 6.Nf3 d5 7.O-O dxc4 8.Bxc4 Nbd7
9.Qe2 b6 10.d5 Bxc3 11.dxe6 Ne5 12.exf7+ Kh8 13.bxc3 Bg4 14.e4 Nh5 15.Bd5 Qc8
16.Kh1 Bxf3 17.gxf3 Qh3 18.Rg1 Nxf3 19.Rg2 Rad8 20.c4 Rxf7 21.Bxf7 Nh4 22.Rg5
{#r} 1-0

[Event "Zt"]
[Site "masterchessopen.com Halle (Germany)"]
[Round "0"]
[White "Petersen Finn (DEN)"]
[Black "Johansson Gunnar (SWE)"]
[Result "0-1"]
[WhiteElo "2275"]
[BlackElo "2232"]

1.d4 Nf6 2.c4 e6 3.Nc3 Bb4 4.e3 O-O 5.Bd3 c5 6.Nf3 d5 7.O-O dxc4 8.Bxc4 Nbd7
9.Qe2 a6 10.Bd3 Qe7 11.Ne4 Nxe4 12.Bxe4 Rd8 13.a3 Ba5 14.Rd1 Bb6 15.a4 e5
16.Ra3 Nf6 17.Rb3 Ba5 18.Bc2 exd4 19.Bd2 Bc7 20.Ra3 Bg4 21.h3 Bh5 22.e4 Rac8
23.g4 Bg6 24.Bg5 Re8 25.Re1 Ba5 26.Bd2 Bxd2 27.Nxd2 Nd5 28.Nc4 b5 29.axb5 axb5
30.Nd2 c4 31.Qf3 d3 32.Bd1 Qb4 33.Rf1 Qxd2 34.exd5 Be4 35.Qg3 Qxb2 36.Ra7 Bxd5
37.Bf3 Be6 38.Qf4 Qf6 {#R} 0-1

[Event "It \"]
[Site "masterchessopen.com Moscow (Russia)"]
[Round "2"]
[White "Pachman Ludek (GER)"]
[Black "Najdorf Miguel (POL)"]
[Result "0-1"]
[WhiteElo "2278"]
[BlackElo "2445"]

1.d4 Nf6 2.c4 e6 3.Nc3 Bb4 4.Nf3 c5 5.e3 O-O 6.Bd3 d5 7.O-O dxc4 8.Bxc4 Nbd7
9.Qb3 a6 10.a3 Ba5 11.dxc5 Nxc5 12.Qc2 Ncd7 13.b4 Bc7 14.Rd1 b5 15.Be2 Bb7
16.Bb2 Qb8 17.a4 bxa4 18.Rxa4 Rc8 19.h3 Ne5 20.Nd4 Ng6 21.Nf3 Ne5 22.Nd4 Bb6
23.Qb3 Qc7 24.b5 a5 25.Nf3 Nxf3+ 26.Bxf3 Bxf3 27.gxf3 Bxe3 28.Ne2 Bb6 29.Rc1
Qd6 30.Rac4 Rxc4 31.Rxc4 Nd5 32.Qd3 Rd8 33.Qd2 Qe7 34.Rg4 f6 35.Qc2 Qc5
36.Qxc5 Bxc5 37.Rc4 Bf8 38.Nd4 e5 39.Ne6 Rb8 40.Nxf8 Kh8 41.Rc5 Nf4 {#R} 0-1

[Event "?"]
[Site "masterchessopen.com Sweden"]
[Round "0"]
[White "Jansson Borje (SWE)"]
[Black "Nilsson Nils S (DEN)"]
[Result "1-0"]
[WhiteElo "2334"]
[BlackElo "2145"]

1.d4 Nf6 2.c4 e6 3.Nc3 Bb4 4.e3 O-O 5.Nf3 d5 6.Bd3 c5 7.O-O dxc4 8.Bxc4 Nbd7
9.Qe2 a6 10.a4 Qe7 11.Na2 cxd4 12.Nxb4 Qxb4 13.exd4 Nb6 14.Bd3 Nbd5 15.Bb1 Bd7
16.Ra3 Bxa4 17.Bd2 Bb5 18.Qd1 Qd6 19.Re1 Nf4 20.Re5 Ng6 21.Qe1 Rfe8 22.h4 Bc6
23.h5 Nf8 24.Rg5 h6 25.Rxg7+ Kxg7 26.Ne5 Nxh5 27.Qe3 Qd5 28.Qxh6+ Kg8 29.Rf3
f6 30.Qxh5 Re7 31.Rg3+ Rg7 32.Qf7+ {#r} 1-0

[Event "Ch Moscow"]
[Site "masterchessopen.com Moscow (Russia)"]
[Round "0"]
[White "Ageichenko Genadi A (RUS)"]
[Black "Khasin Abram (RUS)"]
[Result "0-1"]
[WhiteElo "2343"]
[BlackElo "2390"]

1.c4 e6 2.d4 Nf6 3.Nc3 Bb4 4.e3 c5 5.Nf3 O-O 6.Be2 d5 7.O-O dxc4 8.Bxc4 Nbd7
9.a3 cxd4 10.exd4 Bxc3 11.bxc3 Qc7 12.Qb3 b6 13.Be2 Bb7 14.h3 Rac8 15.c4 Ba6
16.Nd2 e5 17.Qa4 Bb7 18.d5 Nc5 19.Qc2 b5 20.cxb5 Bxd5 21.Qc3 Qb7 22.Qg3 Rfe8
23.a4 Nce4 24.Nxe4 Nxe4 25.Qh2 f5 26.Bd3 Bc4 27.Bxc4+ Rxc4 28.h4 Nc5 29.h5 h6
30.Qh3 Qf7 31.a5 Rb4 32.b6 axb6 33.axb6 Rxb6 34.Be3 Rb3 35.Rfc1 Ne4 36.Ra7
Qxa7 37.Bxa7 Rxh3 38.gxh3 Nf6 39.Re1 Kf7 {#R} 0-1

[Event "Ch URS (Team) (II Group)"]
[Site "masterchessopen.com Tashkent (Uzbekistan)"]
[Round "0"]
[White "Borisenko Georgy K (UZB)"]
[Black "Klovsky Rafail (UKR)"]
[Result "1-0"]
[WhiteElo "2354"]
[BlackElo "2305"]

1.d4 Nf6 2.c4 e6 3.Nc3 Bb4 4.Nf3 c5 5.e3 O-O 6.Bd3 d5 7.O-O dxc4 8.Bxc4 Nbd7
9.Qe2 a6 10.a3 cxd4 11.exd4 Bxc3 12.bxc3 b5 13.Bd3 Nb6 14.Bg5 Bb7 15.Ne5 h6
16.Bd2 Qd5 17.f3 Nbd7 18.Be4 Nxe4 19.fxe4 Qd6 20.Nxd7 Qxd7 21.e5 Qe7 22.Bxh6
f5 23.Bd2 Bd5 24.Qh5 Qe8 25.Qg5 Ra7 26.h3 Rc7 27.Kh2 Rcf7 28.Rf4 Qd8 29.Qg6
Rd7 30.Rg1 Qe8 31.Qg3 Kf7 32.Qg5 Kg8 33.Rh4 Rc7 34.Rh5 Rc8 35.Rf1 Rc7 36.Rf4
Be4 37.Rfh4 f4 38.Rh8+ Kf7 39.Rxf4+ Bf5 40.Rxf5+ exf5 41.Qxf5+ {#r} 1-0

[Event "Ch URS (1/2 final)"]
[Site "masterchessopen.com Voronezh (Russia)"]
[Round "0"]
[White "Pinchuk Sergey T (UZB)"]
[Black "Lein Anatoly (USA)"]
[Result "1-0"]
[WhiteElo "2423"]
[BlackElo "2261"]

1.d4 Nf6 2.c4 e6 3.Nc3 Bb4 4.e3 O-O 5.Nf3 d5 6.Bd3 c5 7.O-O dxc4 8.Bxc4 Nbd7
9.Qe2 a6 10.a4 b6 11.d5 Bxc3 12.dxe6 Ba5 13.exd7 Bb7 14.Rd1 Qe7 15.Bd2 Bxd2
16.Qxd2 Ne4 17.Qd3 Rfd8 18.Qb3 Rab8 19.Qxb6 Nxf2 20.Kxf2 Bxf3 21.Qd6 Qxd6
22.Rxd6 Bg4 23.Bxa6 Rxb2+ 24.Kg3 h5 25.Bb5 Bf5 26.Rd5 Rxg2+ 27.Kxg2 Be4+
28.Kg3 Bxd5 29.Kf4 f6 30.e4 Be6 31.a5 Bxd7 32.Rd1 Ra8 33.Bc4+ Kh7 34.Rxd7 Rxa5
35.Rc7 Kh6 36.Rc8 g6 37.Rc6 Kg7 38.Rc7+ Kh6 39.Rc6 Kg7 40.Rc7+ Kh6 41.Bg8 {#r}
1-0

[Event "It"]
[Site "masterchessopen.com Zagreb (Croatia)"]
[Round "0"]
[White "Udovcic Mijo (YUG)"]
[Black "Damjanovic Mato (CRO)"]
[Result "0-1"]
[WhiteElo "2460"]
[BlackElo "2303"]

1.d4 Nf6 2.c4 e6 3.Nc3 Bb4 4.e3 c5 5.Bd3 d5 6.Nf3 O-O 7.O-O dxc4 8.Bxc4 Nbd7
9.Qe2 a6 10.a4 b6 11.Na2 Bb7 12.Nxb4 cxb4 13.Bd2 a5 14.Rac1 Ne4 15.Rfd1 Qe7
16.Be1 Rfc8 17.Bd3 f5 18.Nd2 Nxd2 19.Bxd2 Nf6 20.f3 Rxc1 21.Rxc1 Rc8 22.Rxc8+
Bxc8 23.Be1 Bd7 24.b3 Nd5 25.Bc4 Bc6 26.e4 fxe4 27.fxe4 Nc3 28.Qg4 Bd7 29.Bh4
Qe8 30.Bf6 Qf7 31.Bd8 h5 32.Qh4 b5 33.axb5 Bxb5 34.Bxb5 Nxb5 35.Bxa5 Qd7 36.d5
Qa7+ 37.Kf1 Qxa5 38.Qxh5 Qa1+ 39.Kf2 Qf6+ 40.Kg3 Qc3+ 41.Kf4 Qf6+ 42.Kg3 Nd6
43.e5 Ne4+ 44.Kh3 Nf2+ 45.Kg3 Ne4+ 46.Kg4 Qf7 {#R} 0-1

[Event "Cup Clare Benedict"]
[Site "masterchessopen.com Adelboden (Switzerland)"]
[Round "4"]
[White "Pomar Salamanca Arturo (ESP)"]
[Black "Unzicker Wolfgang (GER)"]
[Result "1-0"]
[WhiteElo "2345"]
[BlackElo "2433"]

1.d4 Nf6 2.c4 e6 3.Nc3 Bb4 4.e3 O-O 5.Bd3 d5 6.Nf3 c5 7.O-O dxc4 8.Bxc4 Nbd7
9.a3 Ba5 10.Bd2 cxd4 11.exd4 Bxc3 12.bxc3 Qc7 13.Bd3 b6 14.Re1 Bb7 15.Rc1 Rfe8
16.Bg5 Qc6 17.a4 a6 18.Qb3 Rad8 19.h3 Qd6 20.Nd2 h6 21.Be3 e5 22.Bf1 Nd5
23.dxe5 Nxe5 24.Bd4 Nc6 25.Nc4 Nxd4 26.cxd4 Qf6 27.Rxe8+ Rxe8 28.Rb1 Re6
29.Ne5 Qf4 30.Bxa6 Bxa6 31.Qxd5 Be2 32.Re1 Qd2 33.Qa8+ {#r} 1-0

[Event "Ch World (team) (under 26) (prel-B)"]
[Site "masterchessopen.com Dresden (Germany)"]
[Date "1969.08.04"]
[Round "4"]
[White "Pollak Georg (GER)"]
[Black "Nordstrom Felix (SWE)"]
[Result "0-1"]
[WhiteElo "2350"]
[BlackElo "2181"]

1.d4 Nf6 2.c4 e6 3.Nf3 d5 4.Nc3 Bb4 5.e3 O-O 6.Be2 c5 7.O-O dxc4 8.Bxc4 Nbd7
9.Qe2 cxd4 10.exd4 b6 11.Rd1 Bb7 12.Bg5 Bxc3 13.bxc3 Qc7 14.Bd3 Qxc3 15.Ne5
Qc7 16.Nxd7 Nxd7 17.Qh5 f5 18.Qe2 Qd6 19.Bc4 Bd5 20.Bxd5 Qxd5 21.Re1 Rfe8
22.Rac1 h6 23.Bf4 Qxd4 24.Rcd1 Qa4 25.Rd6 Nf6 26.Be3 Qb4 27.Rd4 Qe7 28.Bf4
Rad8 29.Be5 Ng4 30.h3 Nxe5 31.Qxe5 Rxd4 32.Qxd4 e5 33.Qd5+ Qf7 34.Rxe5 Qxd5
35.Rxd5 Re1+ 36.Kh2 Re2 37.a3 Rxf2 38.Rd7 a5 39.Rd6 Ra2 40.Rxb6 Rxa3 41.Rb7 f4
{#R} 0-1

[Event "It"]
[Site "masterchessopen.com Bari (Italy)"]
[Round "12"]
[White "Magrin Antonio (ITA)"]
[Black "Unzicker Wolfgang (GER)"]
[Result "0-1"]
[WhiteElo "2030"]
[BlackElo "2433"]

1.d4 Nf6 2.c4 e6 3.Nc3 Bb4 4.e3 O-O 5.Bd3 d5 6.Nf3 c5 7.O-O dxc4 8.Bxc4 Nbd7
9.Ne2 cxd4 10.exd4 Be7 11.Ng3 Nb6 12.Bd3 Nbd5 13.Bd2 b6 14.Qb3 Bb7 15.Rad1 Rc8
16.Ne5 Nc7 17.Be3 Qd5 18.Qxd5 Ncxd5 19.a3 Rfd8 20.Rc1 Nxe3 21.fxe3 Bd6 22.Rxc8
Rxc8 23.Nf3 Bxg3 24.hxg3 Be4 25.Ne5 Bxd3 26.Nxd3 Ne4 27.Kh2 Rc2 28.Rc1 Rxc1
29.Nxc1 Nf2 30.b4 Ng4+ 31.Kh3 Nxe3 32.b5 Nc2 33.a4 Nxd4 34.Nd3 Kf8 35.Kg4 Ke7
36.Kf4 Kd6 37.Ke4 Nb3 38.Nb2 Nc5+ 39.Kd4 e5+ 40.Kc4 f5 {#R} 0-1

[Event "?"]
[Site "masterchessopen.com Budapest (Hungary)"]
[Round "0"]
[White "Portisch Lajos (HUN)"]
[Black "Kholmov Ratmir D (RUS)"]
[Result "1-0"]
[WhiteElo "2523"]
[BlackElo "2432"]

1.d4 Nf6 2.c4 e6 3.Nc3 Bb4 4.e3 O-O 5.Bd3 d5 6.Nf3 c5 7.O-O dxc4 8.Bxc4 Nbd7
9.Qe2 b6 10.d5 Bxc3 11.dxe6 Ne5 12.exf7+ Kh8 13.bxc3 Bg4 14.e4 Qe7 15.Re1 b5
16.Bxb5 Nh5 17.Bg5 Qe6 18.Qe3 Bxf3 19.gxf3 Nxf7 20.Kh1 h6 21.Bh4 Ne5 22.Be2
Nf4 23.Bg3 Nxe2 24.Bxe5 Qxe5 25.Rxe2 Rad8 26.Ree1 Qh5 27.f4 c4 28.f5 Rd3
29.Qe2 Qg5 30.Rg1 Qe7 31.Rg4 Rxf5 32.Rag1 Rf7 33.Rg6 Rdf3 34.Rxg7 Rxc3 35.Rg8+
Kh7 36.Qg4 {#r} 1-0

[Event "?"]
[Site "masterchessopen.com URS"]
[Round "0"]
[White "Furman Semen (RUS)"]
[Black "Donchenko Oleg I (RUS)"]
[Result "1-0"]
[WhiteElo "2550"]
[BlackElo "2309"]

1.d4 Nf6 2.c4 e6 3.Nc3 Bb4 4.e3 c5 5.Bd3 O-O 6.Nf3 d5 7.O-O dxc4 8.Bxc4 Nbd7
9.Qe2 a6 10.a4 Qa5 11.Bd2 cxd4 12.exd4 b6 13.Ne1 Bb7 14.Nc2 Bxc3 15.bxc3 Qh5
16.Qxh5 Nxh5 17.Be2 Nhf6 18.c4 Rfc8 19.Rfc1 Ne4 20.Be1 e5 21.a5 bxa5 22.Bxa5
exd4 23.Nxd4 Nec5 24.Bg4 Re8 25.Bxd7 Nxd7 26.c5 Bd5 27.c6 Nf6 28.c7 Ne4 29.Bb4
g6 30.f3 Nf6 31.Rxa6 Rxa6 32.c8=Q Rxc8 33.Rxc8+ Kg7 34.Bf8+ Kh8 35.Rd8 Bb7
36.Bh6+ Ng8 37.Nb5 g5 38.Nd6 Bd5 39.Nf5 {#r} 1-0

[Event "Ch Sweden"]
[Site "masterchessopen.com Eskilstuna (Sweden)"]
[Round "12"]
[White "Ljungquist Lennart (SWE)"]
[Black "Nordstrom Felix (SWE)"]
[Result "0-1"]
[WhiteElo "2250"]
[BlackElo "2181"]

1.d4 Nf6 2.c4 e6 3.Nc3 Bb4 4.e3 c5 5.Bd3 O-O 6.Nf3 d5 7.O-O dxc4 8.Bxc4 Nbd7
9.a3 cxd4 10.exd4 Bxc3 11.bxc3 Qc7 12.Qe2 b6 13.Bd2 Bb7 14.Bd3 Rac8 15.Rac1
Qc6 16.Nh4 Qd5 17.f4 Ne4 18.Nf3 f5 19.c4 Qc6 20.d5 Qd6 21.Bb4 Ndc5 22.Bxe4
fxe4 23.Ng5 exd5 24.cxd5 Qxd5 25.Rcd1 Qf5 26.g4 Qg6 27.h4 Kh8 28.Bxc5 bxc5
29.f5 Qc6 30.Qe3 Qf6 31.Qf4 c4 32.Rd6 Qb2 33.Ne6 e3 34.Qg3 c3 35.Rd7 Bc6
36.Rxg7 c2 37.Rxh7+ Kxh7 38.Qd6 c1=Q 39.Qe7+ Kh8 40.Rxc1 Qg2# 0-1

[Event "Ch DDR"]
[Site "masterchessopen.com Straussberg (Germany)"]
[Round "10"]
[White "Pfeil Hartmut (GER)"]
[Black "Malich Burkhard Dr (GER)"]
[Result "1-0"]
[WhiteElo "2300"]
[BlackElo "2450"]

1.d4 Nf6 2.c4 e6 3.Nc3 Bb4 4.Nf3 c5 5.e3 d5 6.Bd3 O-O 7.O-O dxc4 8.Bxc4 Nbd7
9.Qe2 a6 10.Rd1 Qe7 11.e4 cxd4 12.Nxd4 Ne5 13.Bb3 Bd7 14.Bg5 h6 15.Bh4 Rfd8
16.Kh1 Be8 17.Rd2 Ba5 18.Rad1 Rac8 19.Bg3 Bc7 20.f4 Nc6 21.e5 Nh7 22.Qg4 Rxd4
23.Rxd4 Nxd4 24.Rxd4 Qc5 25.f5 exf5 26.Qxf5 Rd8 27.Rxd8 Bxd8 28.Bf2 Qe7 29.Ne4
Bc7 30.e6 fxe6 31.Bc5 g6 32.Bxe6+ Kh8 33.Bd4+ {#r} 1-0

[Event "?"]
[Site "masterchessopen.com Vrnjacka Banja (Serbia)"]
[Round "0"]
[White "Vaganian Rafael A (ARM)"]
[Black "Farago Ivan (HUN)"]
[Result "1-0"]
[WhiteElo "2510"]
[BlackElo "2410"]

1.d4 Nf6 2.c4 e6 3.Nc3 Bb4 4.e3 O-O 5.Bd3 d5 6.Nf3 c5 7.O-O dxc4 8.Bxc4 Nbd7
9.Bd3 b6 10.a3 cxd4 11.exd4 Bxc3 12.bxc3 Qc7 13.Bd2 Bb7 14.Re1 Rfe8 15.Ne5
Nxe5 16.Rxe5 Nd7 17.Re3 g6 18.Qe2 Rac8 19.c4 e5 20.Re1 e4 21.f3 f5 22.fxe4
fxe4 23.Bxe4 Bxe4 24.Rxe4 Nf6 25.Rxe8+ Rxe8 26.Qd3 Rxe1+ 27.Bxe1 Qf4 28.Bd2
Qe4 29.Qxe4 Nxe4 30.Bf4 Kf7 31.Kf1 g5 32.Be3 Nd6 33.c5 bxc5 34.dxc5 Nc4 35.Ke2
Nxa3 36.Kd3 g4 37.c6 Ke6 38.Bxa7 Nb5 39.Bb8 Kd5 40.c7 Nd6 41.Ke3 Nc8 42.Kf4 h5
43.Kg5 Ke4 44.Kxh5 Kf5 45.g3 {#r} 1-0

[Event "Ch Yugoslavia"]
[Site "masterchessopen.com Yugoslavia"]
[Round "17"]
[White "Cvetkovic Srdjan (SRB)"]
[Black "Nemet Ivan (SUI)"]
[Result "1-0"]
[WhiteElo "2460"]
[BlackElo "2348"]

1.d4 Nf6 2.c4 e6 3.Nc3 Bb4 4.e3 O-O 5.Bd3 d5 6.Nf3 c5 7.O-O dxc4 8.Bxc4 Nbd7
9.Qe2 a6 10.a3 Ba5 11.Bd3 Bc7 12.Rd1 Qe7 13.b4 e5 14.Qc2 Re8 15.Ne4 exd4
16.Nxf6+ Nxf6 17.exd4 cxb4 18.Bg5 b3 19.Qxb3 Be6 20.Bc4 Bxc4 21.Qxc4 Rac8
22.Qb3 b6 23.Rac1 Qd6 24.Ne5 Qd5 25.Qh3 Red8 26.Bxf6 Bxe5 27.Bxd8 Rxd8 28.Qh5
Bf6 29.Qxd5 Rxd5 30.Rc8+ Bd8 31.Ra8 a5 32.f4 h6 33.Kf2 Kh7 34.Ke3 f5 35.a4 b5
36.Rxd8 Rxd8 37.axb5 Kg6 38.Ra1 Ra8 39.d5 Kf6 40.Kd4 Ke7 41.Kc5 Rc8+ 42.Kb6
Rc2 43.Ka7 Rxg2 44.b6 Kd6 45.b7 Rb2 46.Rxa5 g5 47.fxg5 hxg5 48.b8=Q+ Rxb8
49.Kxb8 {#r} 1-0

[Event "?"]
[Site "masterchessopen.com URS"]
[Round "0"]
[White "Vaisser Anatoly (FRA)"]
[Black "Petrosian Arshak B (ARM)"]
[Result "1-0"]
[WhiteElo "2536"]
[BlackElo "2470"]

1.d4 Nf6 2.c4 e6 3.Nc3 Bb4 4.e3 O-O 5.Bd3 d5 6.Nf3 c5 7.O-O dxc4 8.Bxc4 Nbd7
9.Qb3 b6 10.d5 Bxc3 11.dxe6 Ne5 12.exf7+ Kh8 13.Qxc3 Nxf3+ 14.gxf3 b5 15.Bxb5
Bh3 16.Re1 Qb6 17.Qc4 Nh5 18.Kh1 Qb7 19.e4 Rab8 20.Be8 Qe7 21.Qd5 Nf6 22.Qg5
h6 23.Qh4 Qe6 24.Rg1 Nxe8 25.fxe8=Q Rfxe8 26.Bd2 Rxb2 27.Bc3 Rc2 28.Bxg7+ Kh7
29.Bf6 Rg8 30.Rxg8 Kxg8 31.Qg3+ Kf7 32.Qg7+ Ke8 33.Rd1 {#r} 1-0

[Event "corr."]
[Site "masterchessopen.com BRD"]
[Round "0"]
[White "Heigl Rudolf (GER)"]
[Black "Born Gregor (GER)"]
[Result "0-1"]
[WhiteElo "2190"]
[BlackElo "2192"]

1.d4 Nf6 2.c4 e6 3.Nc3 Bb4 4.e3 c5 5.Nf3 O-O 6.Bd3 d5 7.O-O dxc4 8.Bxc4 Nbd7
9.Qe2 a6 10.a3 Ba5 11.Bd3 Qe7 12.Bd2 e5 13.dxe5 Nxe5 14.Nxe5 Qxe5 15.Ne4 Bxd2
16.Nxf6+ Qxf6 17.Qxd2 Bf5 18.Bxf5 Qxf5 19.Rfd1 Qf6 20.Qc2 Rad8 21.h3 b6 22.Qc3
Rxd1+ 23.Rxd1 Rd8 24.Rd2 Rxd2 25.Qxd2 h6 26.Kf1 b5 27.Qc2 Qe5 28.Ke2 Qd5 29.f3
g6 30.Qc3 Qa2 31.Kd3 Qb1+ 32.Qc2 Qf1+ 33.Ke4 c4 34.Qd2 h5 35.Kd4 c3 36.Qxc3
Qxg2 37.Qc8+ Kh7 38.Qxa6 Qxh3 39.Qf6 Kg8 40.e4 h4 41.e5 Qc8 42.Ke3 Qc1+ 43.Ke4
Qc4+ 44.Ke3 Qc1+ 45.Ke4 g5 46.f4 Qe1+ 47.Kf5 Qg3 48.Ke4 {#R} 0-1

[Event "It"]
[Site "masterchessopen.com Las Palmas (Spain)"]
[Round "1"]
[White "Debarnot Roberto (ARG)"]
[Black "Andersson Ulf (SWE)"]
[Result "0-1"]
[WhiteElo "2380"]
[BlackElo "2565"]

1.d4 Nf6 2.c4 e6 3.Nc3 Bb4 4.e3 c5 5.Bd3 O-O 6.Nf3 d5 7.O-O dxc4 8.Bxc4 Nbd7
9.a3 cxd4 10.Qxd4 Bxc3 11.Qxc3 b6 12.b4 Bb7 13.Bb2 Rc8 14.Qb3 Qe7 15.Rfd1 Ne4
16.Rd4 Rc7 17.Qd3 Ng5 18.Nxg5 Qxg5 19.Qf1 e5 20.f4 Qxg2+ 21.Qxg2 Bxg2 22.Rd2
Rxc4 23.Rxg2 f6 24.Rd2 Rf7 25.Rad1 Rc7 26.Kg2 Re7 27.Kf3 Kf7 28.h4 h5 29.f5 g6
30.fxg6+ Kxg6 31.e4 Kf7 32.Ke3 b5 33.Kf3 Nb6 34.Re1 Red7 35.Ree2 Rxd2 36.Rxd2
Nc4 37.Rc2 Rd7 38.Ke2 Ke6 39.a4 a6 40.axb5 axb5 41.Bc3 Rg7 42.Kf3 Rg4 {#R} 0-1

[Event "It"]
[Site "masterchessopen.com Las Palmas (Spain)"]
[Round "0"]
[White "Visier Segovia Fernando (ESP)"]
[Black "Andersson Ulf (SWE)"]
[Result "0-1"]
[WhiteElo "2233"]
[BlackElo "2565"]

1.d4 Nf6 2.c4 e6 3.Nc3 Bb4 4.e3 c5 5.Bd3 d5 6.Nf3 O-O 7.O-O dxc4 8.Bxc4 Nbd7
9.Qe2 cxd4 10.exd4 Bxc3 11.bxc3 Qc7 12.Bb2 b6 13.Bd3 Bb7 14.c4 h6 15.Ne5 Nxe5
16.dxe5 Qc6 17.f4 Nd7 18.Rf3 Qc5+ 19.Re3 Rfd8 20.Kh1 Nf8 21.Rg3 Rd7 22.Rf1
Rad8 23.f5 Rxd3 24.Rxd3 Qxc4 25.Rfd1 Ba6 26.fxe6 Qxe6 27.Rxd8 Bxe2 28.R1d2 Qf5
29.h3 Kh7 {#R} 0-1

[Event "Match \"]
[Site "masterchessopen.com Odessa (Ukraine)"]
[Round "4"]
[White "Gligoric Svetozar (SRB)"]
[Black "Kholmov Ratmir D (RUS)"]
[Result "0-1"]
[WhiteElo "2575"]
[BlackElo "2540"]

1.d4 Nf6 2.c4 e6 3.Nc3 Bb4 4.e3 c5 5.Bd3 d5 6.Nf3 dxc4 7.Bxc4 O-O 8.O-O Nbd7
9.Bd3 b6 10.Qe2 Bb7 11.Rd1 cxd4 12.exd4 Rc8 13.Bd2 Be7 14.Ne5 Nd5 15.Qh5 g6
16.Qh6 Nxc3 17.Bxc3 Nxe5 18.dxe5 Qc7 19.Re1 Rfd8 20.Re3 Bf8 21.Qh4 Qe7 22.Qg4
Rd5 23.Rae1 Rcd8 24.Bc2 Ba6 25.Rf3 Bd3 26.Bb3 R5d7 27.h4 h5 28.Qg3 Bh6 29.Rf6
Kh7 30.Rd1 Bf5 31.Rd6 Bg7 32.Rxf5 exf5 33.Rc6 Rd3 34.Qf4 R8d7 35.e6 fxe6
36.Rxe6 Qd8 37.Bxg7 Rxg7 38.g3 Qd4 39.Qg5 {#R} 0-1

[Event "Zt"]
[Site "masterchessopen.com Pula (Croatia)"]
[Round "0"]
[White "Stull Norbert (LUX)"]
[Black "Andersson Ulf (SWE)"]
[Result "0-1"]
[WhiteElo "2081"]
[BlackElo "2565"]

1.d4 Nf6 2.c4 e6 3.Nc3 Bb4 4.e3 c5 5.Bd3 O-O 6.Nf3 d5 7.O-O dxc4 8.Bxc4 Nbd7
9.Qd3 cxd4 10.exd4 b6 11.Bf4 Bb7 12.a3 Bxc3 13.bxc3 Rc8 14.Rfe1 Nd5 15.Bd2 Qc7
16.Ba2 Rfd8 17.Rac1 Nf4 18.Qe3 Ng6 19.c4 Nf6 20.Ne5 Nxe5 21.dxe5 Ng4 22.Qg5 h6
23.Qxg4 Rxd2 24.Bb1 Qc5 25.Qf4 Rd4 26.Qe3 Rxc4 27.Rxc4 Qxc4 28.f3 Bd5 29.Rd1
Qc3 30.Bd3 Kf8 31.Qe2 Qxa3 32.Be4 Qc5+ 33.Kh1 Qc4 34.Qxc4 Bxc4 35.Kg1 Ke7
36.Rc1 Rc5 37.f4 Bd5 {#R} 0-1

[Event "Match"]
[Site "masterchessopen.com Stockholm (Sweden)"]
[Round "0"]
[White "Larsen Bent (DEN)"]
[Black "Andersson Ulf (SWE)"]
[Result "0-1"]
[WhiteElo "2625"]
[BlackElo "2565"]

1.d4 Nf6 2.c4 e6 3.Nc3 Bb4 4.e3 c5 5.Bd3 O-O 6.Nf3 d5 7.O-O dxc4 8.Bxc4 Nbd7
9.Qb3 Qe7 10.Rd1 Nb6 11.Be2 cxd4 12.exd4 Bd7 13.Ne5 Rac8 14.Nxd7 Nfxd7 15.Bf3
Nb8 16.Bxb7 Qxb7 17.Qxb4 Rfd8 18.Be3 Nc6 19.Qb5 a6 20.Qe2 Nd5 21.Rac1 h6
22.Ne4 Nce7 23.Rxc8 Qxc8 24.Rc1 Qa8 25.Nc5 Nf5 26.Qxa6 Qxa6 ( 26...Nxd4
27.Bxd4 Nf4 { = } ) 27.Nxa6 Ra8 28.Nc7 ( 28.Rc6 Nfe7 29.Rd6 Nf5 30.Rc6 { = } )
28...Nxc7 29.Rxc7 Rxa2 30.Rc8+ Kh7 31.Rc2 Nxd4 {#R} 0-1

[Event "Match"]
[Site "masterchessopen.com Stockholm (Sweden)"]
[Round "0"]
[White "Larsen Bent (DEN)"]
[Black "Andersson Ulf (SWE)"]
[Result "1-0"]
[WhiteElo "2625"]
[BlackElo "2565"]

1.d4 Nf6 2.c4 e6 3.Nc3 Bb4 4.e3 c5 5.Bd3 O-O 6.Nf3 d5 7.O-O dxc4 8.Bxc4 Nbd7
9.Qd3 cxd4 10.exd4 b6 11.Bf4 Bb7 12.Rac1 a6 13.a3 Be7 14.Rfe1 Re8 15.Ba2 Rc8
16.Ne5 Nxe5 17.Bxe5 Qd7 18.Qg3 g6 19.h4 b5 20.Qh3 Red8 21.Re3 a5 22.Rce1 b4
23.axb4 axb4 24.Ne2 Rc2 25.Nf4 Rxb2 26.Bb3 Nd5 27.h5 g5 28.Bxd5 Bxd5 29.Rc1
gxf4 30.Qg4+ Kf8 31.Qxf4 Rc8 32.Rg3 Rxc1+ 33.Qxc1 Qc6 34.Qxb2 f6 35.Bf4 Qc4
36.Qb1 f5 37.Qa1 Qa2 38.Qe1 b3 39.Qe5 b2 40.Qh8+ {#r} 1-0